| 000 | 006890000a22001810004500 | ||
|---|---|---|---|
| 003 | MACL | ||
| 005 | 20160731130930.0 | ||
| 008 | 160731b xxu||||| |||| 00| 0 eng d | ||
| 040 |
_aMACL _cMACL |
||
| 041 | _aHindi | ||
| 082 | _a340 PAT | ||
| 100 |
_aपटेल, महेन्द्र _965891 |
||
| 245 |
_aम. प्र. एवं छ.ग. सिविल न्यायाधीश वर्ग -2 मुचय परीक्षा हल प्रश्न पत्र _cमहेन्द्र मटेल |
||
| 260 |
_aभोपाल _bसुविधा लॉ हाउस _c2011 |
||
| 350 | _a250 | ||
| 650 |
_aलॉ _933609 |
||
| 942 |
_cHIN _k340 _2ddc |
||
| 999 |
_c48576 _d48576 |
||